Εκκλησίες στην Ελλάδα μετά την Άλωση = Churches in Greece, 1453-1850
Αποθηκεύτηκε σε:
| Συγγραφή απο Οργανισμό/Αρχή: | |
|---|---|
| Μορφή: | Βιβλίο |
| Γλώσσα: | Greek English |
| Δημοσίευση: |
Αθήνα :
ΕΜΠ,
1989-2002.
|
| Θέματα: | |
| Ετικέτες: |
Προσθήκη ετικέτας
Δεν υπάρχουν, Καταχωρήστε ετικέτα πρώτοι!
|
MARC
| LEADER | 00000cam a2200000 i 4500 | ||
|---|---|---|---|
| 001 | 1/85495 | ||
| 008 | 050916m19932002gr | | ||| |||| ||gre|| | ||
| 020 | |a 960-254-529-1 |q (τ.5) | ||
| 020 | |a 960-254-608-5 |q (τ.6) | ||
| 035 | |l 10080292 | ||
| 040 | |a GR-MY-UA |b gre |e aacr | ||
| 041 | 0 | |a gre |a eng | |
| 082 | 0 | |a 726.509495 |2 (22) | |
| 245 | 1 | 0 | |a Εκκλησίες στην Ελλάδα μετά την Άλωση = |b Churches in Greece, 1453-1850 / |c Εθνικό Μετσόβειο Πολυτεχνείο. Σπουδαστήριο Ιστορίας της Αρχιτεκτονικής. |
| 246 | 1 | |i Παράλληλος τίτλoς: |a Churches in Greece, 1453-1850 | |
| 260 | |a Αθήνα : |b ΕΜΠ, |c 1989-2002. | ||
| 300 | |a 6 τ. : |b εικ. ; |c 28 εκ. | ||
| 500 | |a Το παράρτημα Σύρου έχει τους τόμους 3-6. | ||
| 504 | |a Περιλαμβάνει βιβλιογραφία: (τ.6 σ.225-285) και ευρετήρια. | ||
| 650 | 0 | 0 | |a Church architecture |z Greece. |
| 650 | 0 | 0 | |a Vernacular architecture |z Greece. |
| 650 | 0 | 0 | |a Architecture, Byzantine |z Greece. |
| 650 | 0 | 0 | |a Church decoration and ornament |z Greece. |
| 710 | 2 | |a Εθνικό Μετσόβιο Πολυτεχνείο |b Σπουδαστήριο Ιστορίας της Αρχιτεκτονικής. | |
| 852 | |a INST |b SYROS |e 20050916 |h 726.509495 ΕΚΚ |p 005500004195 |q 005500004195 |t BK |y 0 |z τ.5 | ||
| 852 | |a INST |b SYROS |e 20050916 |h 726.509495 ΕΚΚ |p 005500005269 |q 005500005269 |t BK |y 0 |z τ.4 | ||
| 852 | |a INST |b SYROS |e 20050916 |h 726.509495 ΕΚΚ |p 005500005270 |q 005500005270 |t BK |y 0 |z τ.3 | ||
| 852 | |a INST |b SYROS |e 20050916 |h 726.509495 ΕΚΚ |p 005500005271 |q 005500005271 |t BK |y 0 |z τ.4 | ||
| 852 | |a INST |b SYROS |e 20050916 |h 726.509495 ΕΚΚ |p 005500005272 |q 005500005272 |t BK |y 0 |z τ.6 | ||
| 852 | |a INST |b SYROS |e 20050916 |h 726.509495 ΕΚΚ |p 005500005296 |q 005500005296 |t BK |y 0 |z τ.3 | ||
| 852 | |a INST |b SYROS |e 20050916 |h 726.509495 ΕΚΚ |p 005500004195 |q 005500004195 |t BK |v τ.5: |y 0 |z τ.5 | ||
| 852 | |a INST |b SYROS |e 20050916 |h 726.509495 ΕΚΚ |p 005500005269 |q 005500005269 |t BK |v τ.4: |y 0 |z τ.4 | ||
| 852 | |a INST |b SYROS |e 20050916 |h 726.509495 ΕΚΚ |p 005500005270 |q 005500005270 |t BK |v τ.3: |y 0 |z τ.3 | ||
| 852 | |a INST |b SYROS |e 20050916 |h 726.509495 ΕΚΚ |p 005500005271 |q 005500005271 |t BK |v τ.4: |y 0 |z τ.4 | ||
| 852 | |a INST |b SYROS |e 20050916 |h 726.509495 ΕΚΚ |p 005500005272 |q 005500005272 |t BK |v τ.6: |y 0 |z τ.6 | ||
| 852 | |a INST |b SYROS |e 20050916 |h 726.509495 ΕΚΚ |p 005500005296 |q 005500005296 |t BK |v τ.3: |y 0 |z τ.3 | ||
| 853 | |a INST |b SYROS |h 726.509495 ΕΚΚ | ||
| 901 | |a BIBL5-2006-2 | ||
| 909 | |a Ε |b 117468 | ||
| 909 | |a Ε |b 117469 | ||
| 909 | |a Ε |b 117467 | ||
| 909 | |a Ε |b 117466 | ||
| 909 | |a Ε |b 111721 | ||
| 909 | |a Ε |b 117465 | ||
| 920 | |a Διεύρυνση |b ΕΠΕΑΕΚ-ΤΜΣΠΣ |y Σύρος |z 2004-10 | ||
| 970 | |a ΤΣΟΥΚΑΛΑ |b ΑΛΙΚΗ |z 2005/09/ | ||